000 00961nam a22003257a 4500
003 CHAP
005 20220329143646.0
008 101123s1982 it a r 00010 eng d
010 _a99924
011 _a100896
035 _a111582
040 _cCHAP
082 1 4 _a631.521
_bP44
110 1 _aPETOSEED
_987641
245 1 0 _aSeeds for the world
_c/por PETOSEED
260 _aRoma :
_bPETOSEED,
_cc1982
300 _a56 p. :
_bilus.
590 _aBATCH-UPD
_b10
_c20130110
_lUCH01
_h1559
590 _aBATCH-UPD
_b10
_c20130410
_lUCH01
_h0956
590 _aBATCH-UPD
_b10
_c20130914
_lUCH01
_h1719
590 _aCONVERSION
_b10
_c20130109
_lUCH01
_h1355
650 1 4 _aLegumbres
_xHíbridos.
_965729
650 1 4 _aLegumbres
_xSemilla.
_965782
650 1 4 _aPolinización.
_990237
650 1 4 _aSemillas
_xCatálogos.
_9103882
901 _aBK
911 _aen proceso
942 _cLIBRO
949 _a631.521 P44
_bBC
_cLIBRO
_d33724002122520
_eLIBRO
_h113850
_i111582
_sb
999 _c99924
_d99924